Catálogo

DISEÑO DE PROGRAMAS EN RADIO : (Registro nro. 47630)

Detalles MARC
000 -LEADER
fixed length control field 01024nam a2200205 a 4500
001 - CONTROL NUMBER
control field 47630
005 - DATE AND TIME OF LATEST TRANSACTION
control field 20180714031640.0
008 - FIXED-LENGTH DATA ELEMENTS--GENERAL INFORMATION
fixed length control field 140415s1995 sp 000 0 spa d
020 ## - INTERNATIONAL STANDARD BOOK NUMBER
International Standard Book Number 8449301432
041 ## - LANGUAGE CODE
Language code of text/sound track or separate title spa
082 ## - DEWEY DECIMAL CLASSIFICATION NUMBER
Classification number 384.54
Item number ORT
100 1# - MAIN ENTRY--PERSONAL NAME
Personal name ORTIZ, MIGUEL ANGEL
245 10 - TITLE STATEMENT
Title DISEÑO DE PROGRAMAS EN RADIO :
Remainder of title GUIONES, GENEROS Y FORMULAS
250 ## - EDITION STATEMENT
Edition statement 1a ed.
260 ## - PUBLICATION, DISTRIBUTION, ETC.
Place of publication, distribution, etc. ESPAÑA :
Name of publisher, distributor, etc. PAIDOS IBERICA,
Date of publication, distribution, etc. 1995
300 ## - PHYSICAL DESCRIPTION
Extent 269
Dimensions 13 x 20 x 1.6
520 ## - SUMMARY, ETC.
Summary, etc. ESTE LIBRO ABORDA UNA DESCRIPCIÓN COMPLETA DEL PROCESO DE LA CREACIÓN RADIOFÓNICA, DESDE LA CONCEPCIÓN DE LA IDEA HASTA LA PLANIFICACIÓN DEL PROGRAMA. EN SUS PAGINAS ENCONTRARA EL LECTOR UNA PANORÁMICA ORDENADA DE LOS ELEMENTOS QUE CONFIGURAN EL PROGRAMA DE RADIO, LAS CARACTERÍSTICAS DE LOS DIFERENTES FORMATOS Y TIPOS DE PROGRAMAS, ASÍ COMO UNA SERIE DE CLAVES Y MODELOS DE REFERENCIA PARA LA ELABORACIÓN DE UN GUIÓN RADIOFÓNICO.
650 14 - SUBJECT ADDED ENTRY--TOPICAL TERM
Topical term or geographic name entry element RADIO
General subdivision PRODUCCION
-- RADIO
-- PROGRAMAS
700 1# - ADDED ENTRY--PERSONAL NAME
Personal name VOLPINI, FEDERICO
Relator term coaut.
Existencias
Withdrawn status Lost status Source of classification or shelving scheme Damaged status Not for loan Collection code Home library Current library Shelving location Date acquired Source of acquisition Total Checkouts Full call number Barcode Price effective from Koha item type Inventory number Total Renewals Date last seen Date last checked out
    Dewey Decimal Classification     General Biblioteca Karol Wojtyla Biblioteca Karol Wojtyla Sala general 03/12/2013 Compra 1 384.54 ORT 71351 03/12/2013 Libro 151000000000000000044581 1 05/01/2026 12/11/2025
    Dewey Decimal Classification     General Tehuacán Tehuacán Sala general 03/12/2013 Compra   302.2340211 ORT 504344 03/12/2013 Libro